00869nam a22001577a 450000500170000000800410001702000180005805000170007624500730009326000500016630000340021650000400025050503810029070000180067170000220068920220721110729.0220405b ||||| |||| 00| 0 eng d a9780857939098 aK487.E3 L443 aLegal origin theory /cedited by Simon Deakin and Katharina Pistor. aCheltenham:bEdward Elgar Publication,c2012. axx, 622 p . :bill, ;c26 cm. aincludes bibliographical references aContents: Legal origin:Concept and consequencies -- Common and civil law in comparrative legal scholarship -- Data and methodology -- Legal origin and evolution of law and legal systems -- Beyond legal origin:Understanding institutional determinants of economic growth -- Comparative analyses of legal systems - Comparative analysis of legal systems 0 Alternative Approaches.  aDeakin Simon. a Pistor katharina